Satellite Images of UK Cities - Statistics

General Stats
  • This quiz has been taken 54 times
  • The average score is 9 of 12
Answer Stats
Picture Answer % Correct
London
100%
Edinburgh
96%
Liverpool
93%
Manchester
87%
Brighton
84%
Belfast
80%
Glasgow
78%
Swansea
69%
Newcastle upon Tyne
62%
Plymouth
58%
Sheffield
58%
Inverness
47%
No matching quizzes found
Score Distribution
Percent of People with Each Score
Percentile by Number Answered
Your Score History
You have not taken this quiz